<?xml version="1.0" encoding="UTF-8"?>
<record
    xmlns:xsi="http://www.w3.org/2001/XMLSchema-instance"
    xsi:schemaLocation="http://www.loc.gov/MARC21/slim http://www.loc.gov/standards/marcxml/schema/MARC21slim.xsd"
    xmlns="http://www.loc.gov/MARC21/slim">

  <leader>00821nam a2200193 a 4500</leader>
  <controlfield tag="001">000046258</controlfield>
  <controlfield tag="005">20201002052737.0</controlfield>
  <controlfield tag="008">150713s2000    dr ac         000 0 spa d</controlfield>
  <datafield tag="040" ind1=" " ind2=" ">
    <subfield code="a">DO-SdBNP</subfield>
    <subfield code="b">spa</subfield>
    <subfield code="c">BNPHU</subfield>
  </datafield>
  <datafield tag="082" ind1=" " ind2=" ">
    <subfield code="a">xxxx</subfield>
    <subfield code="b">xxxx</subfield>
  </datafield>
  <datafield tag="110" ind1="1" ind2=" ">
    <subfield code="a">Muestra Internacional de Cine de Santo Domingo</subfield>
    <subfield code="n">(2&#xAA; :</subfield>
    <subfield code="d">2000 24 feb. al 5 de mar. :</subfield>
    <subfield code="c">Santo Domingo)</subfield>
    <subfield code="9">74278</subfield>
  </datafield>
  <datafield tag="245" ind1="1" ind2="0">
    <subfield code="a">2da. muestra internacional de cine Santo Domingo /</subfield>
    <subfield code="c">Arturo Rodr&#xED;guez Fern&#xE1;ndez, Lidia Bastos ; ilustraci&#xF3;n Parolio Matos.</subfield>
  </datafield>
  <datafield tag="246" ind1="1" ind2="0">
    <subfield code="a">Segunda Muestra Internacional de Cine Santo Domingo</subfield>
  </datafield>
  <datafield tag="260" ind1=" " ind2=" ">
    <subfield code="a">Santo Domingo :</subfield>
    <subfield code="b">Muestra Internacional de Cine Santo Domingo,</subfield>
    <subfield code="c">2000.</subfield>
  </datafield>
  <datafield tag="300" ind1=" " ind2=" ">
    <subfield code="a">91 p. :</subfield>
    <subfield code="b">il., retrs. ;</subfield>
    <subfield code="c">22 cm.</subfield>
  </datafield>
  <datafield tag="700" ind1="1" ind2="2">
    <subfield code="a">Rodr&#xED;guez Fern&#xE1;ndez, Arturo</subfield>
    <subfield code="9">37878</subfield>
  </datafield>
  <datafield tag="700" ind1="1" ind2="2">
    <subfield code="a">Matos, Parolio,</subfield>
    <subfield code="e">il.</subfield>
    <subfield code="9">74279</subfield>
  </datafield>
  <datafield tag="700" ind1="1" ind2="2">
    <subfield code="a">Bastos, Lidia</subfield>
    <subfield code="9">74280</subfield>
  </datafield>
  <datafield tag="952" ind1=" " ind2=" ">
    <subfield code="0">0</subfield>
    <subfield code="1">0</subfield>
    <subfield code="7">1</subfield>
    <subfield code="8">PD</subfield>
    <subfield code="a">PD</subfield>
    <subfield code="b">PD</subfield>
    <subfield code="c">HD</subfield>
    <subfield code="d">2015-07-13</subfield>
    <subfield code="i">LF1</subfield>
    <subfield code="l">0</subfield>
    <subfield code="o">xxxx xxxx</subfield>
    <subfield code="p">46258-10</subfield>
    <subfield code="r">2020-06-25</subfield>
    <subfield code="w">2020-06-25</subfield>
    <subfield code="y">LFPD</subfield>
    <subfield code="z">Perteneci&#xF3; a la biblioteca personal de Chiqui Vicioso / Fidelio Despradel.</subfield>
    <subfield code="Z">No se presta</subfield>
  </datafield>
  <datafield tag="999" ind1=" " ind2=" ">
    <subfield code="c">45747</subfield>
    <subfield code="d">45747</subfield>
  </datafield>
</record>
